[Event "Russian Championship (Rapid, Men)"]
[Site "Sochi"]
[Date "2018.10.06"]
[Round "9.15"]
[White "Rozum, Ivan"]
[Black "Belyakov, Bogdan"]
[Result "1-0"]
[BlackElo "2523"]
[WhiteElo "2612"]
[LiveChessVersion "1.4.8"]

1. c4 {[%clk 0:14:24]} Nf6 {[%clk 0:15:05]} 2. Nc3 {[%clk 0:14:33]} g6
{[%clk 0:15:09]} 3. g3 {[%clk 0:14:41]} Bg7 {[%clk 0:15:13]} 4. Bg2
{[%clk 0:14:50]} c5 {[%clk 0:15:19]} 5. e3 {[%clk 0:14:25]} O-O {[%clk 0:15:15]}
6. Nge2 {[%clk 0:14:33]} Nc6 {[%clk 0:14:28]} 7. O-O {[%clk 0:14:19]} b6
{[%clk 0:14:36]} 8. d4 {[%clk 0:14:08]} Bb7 {[%clk 0:14:42]} 9. b3
{[%clk 0:12:56]} d6 {[%clk 0:14:07]} 10. Bb2 {[%clk 0:11:37]} a6 {[%clk 0:12:40]}
11. Qd2 {[%clk 0:11:32]} Rb8 {[%clk 0:11:16]} 12. Rfd1 {[%clk 0:10:25]} Re8
{[%clk 0:11:04]} 13. Rac1 {[%clk 0:09:06]} Ba8 {[%clk 0:09:34]} 14. Nd5
{[%clk 0:07:59]} Nd7 {[%clk 0:08:16]} 15. h4 {[%clk 0:07:22]} h5 {[%clk 0:07:44]}
16. Ndf4 {[%clk 0:06:21]} Nf6 {[%clk 0:07:14]} 17. Nh3 {[%clk 0:06:04]} Qc7
{[%clk 0:06:36]} 18. Ng5 {[%clk 0:06:08]} Rbd8 {[%clk 0:06:32]} 19. Nf4
{[%clk 0:05:59]} Nb4 {[%clk 0:04:55]} 20. Bxa8 {[%clk 0:05:43]} Rxa8
{[%clk 0:05:03]} 21. a3 {[%clk 0:05:22]} Nc6 {[%clk 0:05:09]} 22. Qc2
{[%clk 0:05:31]} Qd7 {[%clk 0:04:06]} 23. dxc5 {[%clk 0:04:53]} bxc5
{[%clk 0:04:05]} 24. Bxf6 {[%clk 0:04:35]} Bxf6 {[%clk 0:03:23]} 25. Ne4
{[%clk 0:02:36]} Qf5 {[%clk 0:03:05]} 26. Nxf6+ {[%clk 0:02:37]} Qxf6
{[%clk 0:03:08]} 27. Nd5 {[%clk 0:02:46]} Qf3 {[%clk 0:03:08]} 28. Nc7
{[%clk 0:02:54]} Ne5 {[%clk 0:03:16]} 29. b4 {[%clk 0:02:02]} cxb4
{[%clk 0:02:49]} 30. axb4 {[%clk 0:02:11]} Qg4 {[%clk 0:02:35]} 31. c5
{[%clk 0:01:33]} Nf3+ {[%clk 0:02:26]} 32. Kf1 {[%clk 0:01:38]} dxc5
{[%clk 0:00:57]} 33. Nxe8 {[%clk 0:01:31]} Rxe8 {[%clk 0:01:01]} 34. bxc5
{[%clk 0:01:40]} e5 {[%clk 0:00:50]} 35. e4 {[%clk 0:00:41]} Qh3+
{[%clk 0:00:48]} 36. Ke2 {[%clk 0:00:50]} Qg4 {[%clk 0:00:55]} 37. Kf1
{[%clk 0:00:51]} Qh3+ {[%clk 0:01:03]} 38. Ke2 {[%clk 0:01:01]} Qg4
{[%clk 0:01:13]} 39. Kf1 {[%clk 0:00:20]} Qh3+ {[%clk 0:01:22]} 40. Ke2
{[%clk 0:00:29]} Qg4 {[%clk 0:01:31]} 41. Ke3 {[%clk 0:00:17]} f5
{[%clk 0:01:14]} 42. Qc4+ {[%clk 0:00:11]} Kh8 {[%clk 0:01:23]} 43. exf5
{[%clk 0:00:19]} Nd4 {[%clk 0:01:29]} 44. Kd2 {[%clk 0:00:14]} Qxf5
{[%clk 0:01:34]} 45. f4 {[%clk 0:00:23]} Rb8 {[%clk 0:01:15]} 46. c6
{[%clk 0:00:13]} Qe4 {[%clk 0:00:57]} 47. c7 {[%clk 0:00:14]} Rb2+
{[%clk 0:00:44]} 48. Kc3 {[%clk 0:00:22]} Rb3+ {[%clk 0:00:53]} 49. Qxb3
{[%clk 0:00:26]} Qe3+ {[%clk 0:01:03]} 50. Rd3 {[%clk 0:00:13]} Qxc1+
{[%clk 0:01:11]} 51. Kb4 {[%clk 0:00:22]} Qxc7 {[%clk 0:01:09]} 52. Qd5
{[%clk 0:00:19]} Nc6+ {[%clk 0:00:55]} 53. Ka4 {[%clk 0:00:26]} Qb6
{[%clk 0:00:28]} 54. Rb3 {[%clk 0:00:22]} Qd4+ {[%clk 0:00:18]} 55. Qxd4
{[%clk 0:00:30]} Nxd4 {[%clk 0:00:25]} 56. Rd3 {[%clk 0:00:16]} Kg7
{[%clk 0:00:17]} 57. fxe5 {[%clk 0:00:25]} Nf5 {[%clk 0:00:26]} 58. Rd7+
{[%clk 0:00:19]} Kf8 {[%clk 0:00:35]} 59. e6 {[%clk 0:00:26]} Nxg3
{[%clk 0:00:36]} 60. Kb4 {[%clk 0:00:27]} Nf5 {[%clk 0:00:45]} 61. Kc5
{[%clk 0:00:28]} Nxh4 {[%clk 0:00:52]} 62. Kd6 {[%clk 0:00:20]} Nf5+
{[%clk 0:01:01]} 63. Ke5 {[%clk 0:00:29]} Ng7 {[%clk 0:00:20]} 64. Kf6
{[%clk 0:00:22]} Ne8+ {[%clk 0:00:29]} 65. Kxg6 {[%clk 0:00:31]} h4
{[%clk 0:00:38]} 66. Rf7+ {[%clk 0:00:30]} Kg8 {[%clk 0:00:47]} 67. e7
{[%clk 0:00:38]} 1-0

[Event "Russian Championship (Rapid, Men)"]
[Site "Sochi"]
[Date "2018.10.06"]
[Round "9.16"]
[White "Iljiushenok, Ilia"]
[Black "Chekhov, Sergei"]
[Result "1/2-1/2"]
[BlackElo "2487"]
[WhiteElo "2611"]
[LiveChessVersion "1.4.8"]

1. e4 {[%clk 0:15:19]} c5 {[%clk 0:15:13]} 2. Nf3 {[%clk 0:15:27]} e6
{[%clk 0:15:22]} 3. d4 {[%clk 0:15:36]} cxd4 {[%clk 0:15:30]} 4. Nxd4
{[%clk 0:15:45]} a6 {[%clk 0:15:40]} 5. Nc3 {[%clk 0:15:54]} Qc7 {[%clk 0:15:49]}
6. Qf3 {[%clk 0:16:03]} Nc6 {[%clk 0:15:30]} 7. Be3 {[%clk 0:16:11]} Bb4
{[%clk 0:14:59]} 8. Nxc6 {[%clk 0:14:28]} Qxc6 {[%clk 0:13:56]} 9. Bd4
{[%clk 0:13:51]} Nf6 {[%clk 0:13:08]} 10. Bd3 {[%clk 0:13:53]} Be7
{[%clk 0:11:20]} 11. Qg3 {[%clk 0:13:18]} d6 {[%clk 0:11:29]} 12. f4
{[%clk 0:12:01]} Nh5 {[%clk 0:09:15]} 13. Qg4 {[%clk 0:11:39]} Nf6
{[%clk 0:08:23]} 14. Qg3 {[%clk 0:11:18]} Nh5 {[%clk 0:08:31]} 15. Qf3
{[%clk 0:07:47]} Bf6 {[%clk 0:08:39]} 16. Ne2 {[%clk 0:06:10]} Bxd4
{[%clk 0:08:17]} 17. Nxd4 {[%clk 0:06:19]} Qb6 {[%clk 0:08:26]} 18. O-O-O
{[%clk 0:06:21]} Nf6 {[%clk 0:07:52]} 19. e5 {[%clk 0:06:18]} Nd7
{[%clk 0:06:59]} 20. Nxe6 {[%clk 0:03:58]} fxe6 {[%clk 0:07:07]} 21. Qh5+
{[%clk 0:04:07]} Kd8 {[%clk 0:06:52]} 22. Qg5+ {[%clk 0:03:55]} Kc7
{[%clk 0:07:00]} 23. Qxg7 {[%clk 0:04:02]} Rf8 {[%clk 0:06:51]} 24. Kb1
{[%clk 0:03:30]} dxe5 {[%clk 0:03:44]} 25. fxe5 {[%clk 0:03:09]} Qc5
{[%clk 0:03:53]} 26. Rhe1 {[%clk 0:03:10]} Rf4 {[%clk 0:03:08]} 27. Qxh7
{[%clk 0:02:35]} a5 {[%clk 0:02:40]} 28. Qh6 {[%clk 0:02:44]} Qf8
{[%clk 0:02:29]} 29. Qxe6 {[%clk 0:02:22]} Nc5 {[%clk 0:02:36]} 30. Qg6
{[%clk 0:02:30]} Be6 {[%clk 0:02:09]} 31. g3 {[%clk 0:01:18]} Rf2
{[%clk 0:01:59]} 32. h4 {[%clk 0:01:23]} Qg8 {[%clk 0:01:37]} 33. Qh6
{[%clk 0:01:27]} Raf8 {[%clk 0:01:01]} 34. Bc4 {[%clk 0:00:59]} Kb8
{[%clk 0:00:17]} 35. Bxe6 {[%clk 0:00:55]} Qxe6 {[%clk 0:00:25]} 36. Qe3
{[%clk 0:01:04]} Qe7 {[%clk 0:00:29]} 37. Rd5 {[%clk 0:00:51]} Rf1
{[%clk 0:00:25]} 38. a3 {[%clk 0:01:00]} R8f3 {[%clk 0:00:12]} 39. Qc1
{[%clk 0:01:07]} Qf7 {[%clk 0:00:17]} 40. Rdd1 {[%clk 0:01:12]} Rxe1
{[%clk 0:00:25]} 41. Rxe1 {[%clk 0:01:21]} Ne6 {[%clk 0:00:34]} 42. Qd2
{[%clk 0:01:12]} Rxg3 {[%clk 0:00:27]} 43. Qxa5 {[%clk 0:01:20]} Rf3
{[%clk 0:00:25]} 44. Qd5 {[%clk 0:00:51]} Rh3 {[%clk 0:00:22]} 45. Qc4
{[%clk 0:00:49]} Qe7 {[%clk 0:00:24]} 46. Rg1 {[%clk 0:00:52]} Rxh4
{[%clk 0:00:24]} 47. Rg8+ {[%clk 0:00:59]} Ka7 {[%clk 0:00:33]} 48. Qd5
{[%clk 0:01:01]} Nc7 {[%clk 0:00:28]} 49. Qa5+ {[%clk 0:00:25]} Na6
{[%clk 0:00:37]} 50. Rg1 {[%clk 0:00:27]} Re4 {[%clk 0:00:40]} 51. Re1
{[%clk 0:00:36]} Rxe1+ {[%clk 0:00:46]} 52. Qxe1 {[%clk 0:00:45]} Nc7
{[%clk 0:00:54]} 53. Qe3+ {[%clk 0:00:43]} Kb8 {[%clk 0:01:00]} 54. c4
{[%clk 0:00:42]} Ne6 {[%clk 0:00:59]} 55. Kc2 {[%clk 0:00:35]} Nd8
{[%clk 0:00:54]} 56. Qd4 {[%clk 0:00:28]} Kc7 {[%clk 0:00:37]} 57. c5
{[%clk 0:00:18]} Nc6 {[%clk 0:00:19]} 58. Qd6+ {[%clk 0:00:26]} Kc8
{[%clk 0:00:28]} 59. Qxe7 {[%clk 0:00:27]} Nxe7 {[%clk 0:00:37]} 60. Kd3
{[%clk 0:00:33]} Kd7 {[%clk 0:00:40]} 61. b4 {[%clk 0:00:43]} Kc6
{[%clk 0:00:23]} 62. Kc4 {[%clk 0:00:48]} Kd7 {[%clk 0:00:25]} 63. b5
{[%clk 0:00:27]} Ke6 {[%clk 0:00:24]} 64. a4 {[%clk 0:00:16]} Kxe5
{[%clk 0:00:18]} 65. a5 {[%clk 0:00:25]} Ke6 {[%clk 0:00:18]} 66. a6
{[%clk 0:00:28]} bxa6 {[%clk 0:00:27]} 67. bxa6 {[%clk 0:00:37]} Nc8
{[%clk 0:00:31]} 68. a7 {[%clk 0:00:35]} Nxa7 {[%clk 0:00:40]} 69. c6
{[%clk 0:00:44]} Nxc6 {[%clk 0:00:47]} 1/2-1/2

[Event "Russian Championship (Rapid, Men)"]
[Site "Sochi"]
[Date "2018.10.06"]
[Round "9.17"]
[White "Lugovskoy, Maxim"]
[Black "Esipenko, Andrey"]
[Result "0-1"]
[BlackElo "2605"]
[WhiteElo "2476"]
[LiveChessVersion "1.4.8"]

1. e4 {[%clk 0:15:12]} c6 {[%clk 0:15:17]} 2. d4 {[%clk 0:15:20]} d5
{[%clk 0:15:25]} 3. Nc3 {[%clk 0:15:28]} dxe4 {[%clk 0:15:31]} 4. Nxe4
{[%clk 0:15:36]} Bf5 {[%clk 0:15:29]} 5. Ng3 {[%clk 0:15:44]} Bg6
{[%clk 0:15:36]} 6. Nh3 {[%clk 0:15:52]} Nf6 {[%clk 0:15:03]} 7. Nf4
{[%clk 0:15:59]} e5 {[%clk 0:15:01]} 8. Nxg6 {[%clk 0:15:01]} hxg6
{[%clk 0:15:06]} 9. dxe5 {[%clk 0:14:58]} Qa5+ {[%clk 0:15:14]} 10. Bd2
{[%clk 0:14:40]} Qxe5+ {[%clk 0:15:21]} 11. Qe2 {[%clk 0:14:31]} Nbd7
{[%clk 0:15:17]} 12. O-O-O {[%clk 0:14:17]} Qxe2 {[%clk 0:14:26]} 13. Bxe2
{[%clk 0:14:16]} Bc5 {[%clk 0:14:32]} 14. f4 {[%clk 0:13:09]} O-O
{[%clk 0:14:17]} 15. Bf3 {[%clk 0:13:03]} Rfe8 {[%clk 0:14:21]} 16. Rhe1
{[%clk 0:11:27]} Bf2 {[%clk 0:14:18]} 17. Rf1 {[%clk 0:11:13]} Be3
{[%clk 0:14:23]} 18. Bxe3 {[%clk 0:10:52]} Rxe3 {[%clk 0:14:30]} 19. Rfe1
{[%clk 0:10:54]} Rxe1 {[%clk 0:14:29]} 20. Rxe1 {[%clk 0:11:03]} Kf8
{[%clk 0:14:37]} 21. c3 {[%clk 0:10:54]} Nc5 {[%clk 0:14:35]} 22. Kc2
{[%clk 0:10:58]} Rd8 {[%clk 0:14:36]} 23. b4 {[%clk 0:10:52]} Ne6
{[%clk 0:14:04]} 24. Ne2 {[%clk 0:09:54]} g5 {[%clk 0:11:45]} 25. f5
{[%clk 0:09:47]} Nc7 {[%clk 0:11:51]} 26. g4 {[%clk 0:09:19]} Ncd5
{[%clk 0:11:55]} 27. Kb3 {[%clk 0:09:12]} Re8 {[%clk 0:11:22]} 28. Rf1
{[%clk 0:06:17]} Re3 {[%clk 0:11:29]} 29. h3 {[%clk 0:05:25]} Ne4
{[%clk 0:08:54]} 30. Bxe4 {[%clk 0:05:22]} Rxe4 {[%clk 0:09:03]} 31. Nd4
{[%clk 0:04:52]} Ke7 {[%clk 0:09:03]} 32. a4 {[%clk 0:04:52]} Kd6
{[%clk 0:08:04]} 33. Rf3 {[%clk 0:04:07]} Re1 {[%clk 0:06:40]} 34. Rd3
{[%clk 0:03:31]} Re3 {[%clk 0:05:48]} 35. f6 {[%clk 0:03:22]} Rxd3
{[%clk 0:05:35]} 36. fxg7 {[%clk 0:03:30]} Nf6 {[%clk 0:05:43]} 0-1

[Event "Russian Championship (Rapid, Men)"]
[Site "Sochi"]
[Date "2018.10.06"]
[Round "9.19"]
[White "Fakhrutdinov, Timur"]
[Black "Sjugirov, Sanan"]
[Result "0-1"]
[BlackElo "2735"]
[WhiteElo "2425"]
[LiveChessVersion "1.4.8"]

1. e4 {[%clk 0:15:18]} c5 {[%clk 0:15:17]} 2. Nf3 {[%clk 0:15:26]} d6
{[%clk 0:15:17]} 3. d4 {[%clk 0:15:34]} cxd4 {[%clk 0:15:26]} 4. Nxd4
{[%clk 0:15:42]} Nf6 {[%clk 0:15:35]} 5. Nc3 {[%clk 0:15:50]} a6 {[%clk 0:15:44]}
6. Be3 {[%clk 0:14:59]} e6 {[%clk 0:15:41]} 7. Be2 {[%clk 0:14:14]} Qc7
{[%clk 0:15:31]} 8. g4 {[%clk 0:13:23]} b5 {[%clk 0:15:08]} 9. g5
{[%clk 0:13:05]} Nfd7 {[%clk 0:15:04]} 10. a3 {[%clk 0:13:10]} Bb7
{[%clk 0:15:03]} 11. h4 {[%clk 0:12:43]} Ne5 {[%clk 0:14:09]} 12. f4
{[%clk 0:11:43]} Nc4 {[%clk 0:13:56]} 13. Bxc4 {[%clk 0:11:24]} Qxc4
{[%clk 0:14:04]} 14. f5 {[%clk 0:09:02]} Nc6 {[%clk 0:12:20]} 15. fxe6
{[%clk 0:07:17]} fxe6 {[%clk 0:12:18]} 16. Nb3 {[%clk 0:07:16]} Ne5
{[%clk 0:10:37]} 17. Na5 {[%clk 0:06:36]} Qc7 {[%clk 0:10:46]} 18. Nxb7
{[%clk 0:06:43]} Qxb7 {[%clk 0:10:54]} 19. Bd4 {[%clk 0:04:27]} Qc6
{[%clk 0:10:14]} 20. Qh5+ {[%clk 0:03:45]} g6 {[%clk 0:10:15]} 21. Qe2
{[%clk 0:03:51]} Bg7 {[%clk 0:05:12]} 22. O-O-O {[%clk 0:03:24]} O-O-O
{[%clk 0:04:33]} 23. Rh3 {[%clk 0:03:02]} Kb7 {[%clk 0:04:14]} 24. Na2
{[%clk 0:02:03]} Qc4 {[%clk 0:03:11]} 25. Qxc4 {[%clk 0:01:21]} bxc4
{[%clk 0:03:19]} 26. Nc3 {[%clk 0:01:25]} h6 {[%clk 0:02:19]} 27. Be3
{[%clk 0:00:51]} Ng4 {[%clk 0:01:40]} 28. gxh6 {[%clk 0:00:32]} Bxc3
{[%clk 0:00:52]} 29. bxc3 {[%clk 0:00:40]} Nxe3 {[%clk 0:01:01]} 30. Rxe3
{[%clk 0:00:42]} Rxh6 {[%clk 0:01:10]} 31. Rg1 {[%clk 0:00:18]} Rf8
{[%clk 0:00:58]} 32. Rg4 {[%clk 0:00:17]} e5 {[%clk 0:00:53]} 33. Reg3
{[%clk 0:00:18]} Kc6 {[%clk 0:00:44]} 34. a4 {[%clk 0:00:14]} Rf1+
{[%clk 0:00:44]} 35. Kb2 {[%clk 0:00:20]} Rh8 {[%clk 0:00:28]} 36. Rg1
{[%clk 0:00:13]} Rxg1 {[%clk 0:00:14]} 37. Rxg1 {[%clk 0:00:22]} Rxh4
{[%clk 0:00:23]} 38. Rxg6 {[%clk 0:00:29]} Rxe4 {[%clk 0:00:30]} 39. Rg8
{[%clk 0:00:23]} Rh4 {[%clk 0:00:15]} 40. Ra8 {[%clk 0:00:16]} Kb7
{[%clk 0:00:14]} 41. Rd8 {[%clk 0:00:18]} Rh6 {[%clk 0:00:19]} 42. Re8
{[%clk 0:00:25]} Rh1 {[%clk 0:00:23]} 43. a5 {[%clk 0:00:16]} Kc6
{[%clk 0:00:24]} 44. Rb8 {[%clk 0:00:18]} e4 {[%clk 0:00:29]} 45. Re8
{[%clk 0:00:14]} Kd5 {[%clk 0:00:25]} 46. Re7 {[%clk 0:00:15]} Rg1
{[%clk 0:00:18]} 47. Re8 {[%clk 0:00:21]} Rh1 {[%clk 0:00:16]} 48. Re7
{[%clk 0:00:29]} Rh5 {[%clk 0:00:25]} 49. Kc1 {[%clk 0:00:28]} Rh1+
{[%clk 0:00:14]} 50. Kb2 {[%clk 0:00:27]} Rf1 {[%clk 0:00:19]} 51. Re8
{[%clk 0:00:34]} Re1 {[%clk 0:00:14]} 52. Re7 {[%clk 0:00:14]} Kc6
{[%clk 0:00:20]} 53. Ra7 {[%clk 0:00:17]} Kb5 {[%clk 0:00:15]} 54. Rd7
{[%clk 0:00:12]} Rd1 {[%clk 0:00:21]} 55. Re7 {[%clk 0:00:16]} d5
{[%clk 0:00:29]} 56. Re8 {[%clk 0:00:12]} Kxa5 {[%clk 0:00:36]} 57. Rb8
{[%clk 0:00:13]} Rh1 {[%clk 0:00:39]} 58. Re8 {[%clk 0:00:14]} Kb5
{[%clk 0:00:37]} 59. Rb8+ {[%clk 0:00:16]} Kc6 {[%clk 0:00:45]} 60. Ra8
{[%clk 0:00:14]} Kb7 {[%clk 0:00:50]} 61. Re8 {[%clk 0:00:19]} Kc7
{[%clk 0:00:55]} 62. Re6 {[%clk 0:00:24]} Kd7 {[%clk 0:00:51]} 63. Rxa6
{[%clk 0:00:16]} e3 {[%clk 0:00:58]} 64. Ra7+ {[%clk 0:00:23]} Kd6
{[%clk 0:00:59]} 65. Ra6+ {[%clk 0:00:29]} Ke7 {[%clk 0:00:54]} 0-1

[Event "Russian Championship (Rapid, Men)"]
[Site "Sochi"]
[Date "2018.10.06"]
[Round "9.20"]
[White "Rakhmanov, Aleksandr"]
[Black "Kozak, Alexander"]
[Result "1-0"]
[BlackElo "2383"]
[WhiteElo "2688"]
[LiveChessVersion "1.4.8"]

1. c4 {[%clk 0:15:13]} g6 {[%clk 0:15:14]} 2. Nc3 {[%clk 0:15:20]} Bg7
{[%clk 0:15:23]} 3. g3 {[%clk 0:15:29]} e5 {[%clk 0:15:32]} 4. Bg2
{[%clk 0:15:38]} Ne7 {[%clk 0:15:36]} 5. d3 {[%clk 0:15:39]} O-O {[%clk 0:15:34]}
6. h3 {[%clk 0:14:55]} f5 {[%clk 0:15:10]} 7. e3 {[%clk 0:14:52]} c5
{[%clk 0:14:55]} 8. Nge2 {[%clk 0:14:59]} Nbc6 {[%clk 0:15:02]} 9. O-O
{[%clk 0:14:37]} d6 {[%clk 0:15:01]} 10. Bd2 {[%clk 0:14:39]} Be6
{[%clk 0:14:52]} 11. Nd5 {[%clk 0:14:48]} Qd7 {[%clk 0:14:42]} 12. Kh2
{[%clk 0:14:56]} Rab8 {[%clk 0:14:32]} 13. a4 {[%clk 0:14:47]} g5
{[%clk 0:12:21]} 14. Bc3 {[%clk 0:14:55]} Rf7 {[%clk 0:11:38]} 15. f4
{[%clk 0:14:55]} gxf4 {[%clk 0:11:43]} 16. gxf4 {[%clk 0:14:58]} Ng6
{[%clk 0:11:41]} 17. Ng3 {[%clk 0:14:30]} exf4 {[%clk 0:10:32]} 18. Nh5
{[%clk 0:13:45]} Bxc3 {[%clk 0:08:27]} 19. bxc3 {[%clk 0:13:53]} Kh8
{[%clk 0:08:10]} 20. exf4 {[%clk 0:13:11]} Qd8 {[%clk 0:06:38]} 21. d4
{[%clk 0:10:26]} Na5 {[%clk 0:06:03]} 22. Qe2 {[%clk 0:10:26]} Bd7
{[%clk 0:06:02]} 23. Rf3 {[%clk 0:05:08]} Qh4 {[%clk 0:05:31]} 24. Re3
{[%clk 0:05:03]} Rg8 {[%clk 0:03:38]} 25. dxc5 {[%clk 0:05:08]} Nb3
{[%clk 0:03:08]} 26. Re1 {[%clk 0:01:14]} Nxc5 {[%clk 0:03:15]} 27. Qd1
{[%clk 0:01:20]} Rgf8 {[%clk 0:02:53]} 28. a5 {[%clk 0:00:48]} Ne4
{[%clk 0:02:40]} 29. Bxe4 {[%clk 0:00:26]} fxe4 {[%clk 0:02:49]} 30. Rg1
{[%clk 0:00:33]} Be6 {[%clk 0:01:30]} 31. Rgg3 {[%clk 0:00:31]} Kg8
{[%clk 0:01:08]} 32. Rxe4 {[%clk 0:00:26]} Rf5 {[%clk 0:00:29]} 33. Rxe6
{[%clk 0:00:22]} Rxh5 {[%clk 0:00:37]} 34. Qg4 {[%clk 0:00:20]} Qxg4
{[%clk 0:00:23]} 35. Rxg4 {[%clk 0:00:29]} Kf7 {[%clk 0:00:23]} 36. Rxd6
{[%clk 0:00:28]} Re8 {[%clk 0:00:23]} 37. Rd7+ {[%clk 0:00:29]} Kf8
{[%clk 0:00:31]} 38. Rg5 {[%clk 0:00:17]} Rxg5 {[%clk 0:00:31]} 39. fxg5
{[%clk 0:00:26]} Re5 {[%clk 0:00:24]} 40. Nf6 {[%clk 0:00:15]} Rxa5
{[%clk 0:00:15]} 41. Nxh7+ {[%clk 0:00:19]} Ke8 {[%clk 0:00:23]} 42. Nf6+
{[%clk 0:00:28]} Kf8 {[%clk 0:00:33]} 43. Rxb7 {[%clk 0:00:35]} Ra2+
{[%clk 0:00:20]} 44. Kg3 a5 45. h4 {[%clk 0:00:46]} Ra3 {[%clk 0:00:32]} 46. Nd5
{[%clk 0:00:39]} a4 {[%clk 0:00:38]} 47. h5 {[%clk 0:00:48]} Ne5 {[%clk 0:00:46]}
48. g6 {[%clk 0:00:55]} Rb3 {[%clk 0:00:32]} 49. g7+ {[%clk 0:01:02]} 1-0

[Event "Russian Championship (Rapid, Men)"]
[Site "Sochi"]
[Date "2018.10.06"]
[Round "9.21"]
[White "Lysyj, Igor"]
[Black "Gogolev, Artem"]
[Result "1-0"]
[BlackElo "2375"]
[WhiteElo "2644"]
[LiveChessVersion "1.4.8"]

1. d4 {[%clk 0:15:19]} Nf6 {[%clk 0:15:16]} 2. c4 {[%clk 0:15:28]} e6
{[%clk 0:15:24]} 3. Nf3 {[%clk 0:15:34]} d5 {[%clk 0:15:31]} 4. g3
{[%clk 0:15:43]} Be7 {[%clk 0:15:26]} 5. Bg2 {[%clk 0:15:49]} O-O
{[%clk 0:15:33]} 6. O-O {[%clk 0:15:50]} c6 {[%clk 0:15:39]} 7. b3
{[%clk 0:15:49]} b6 {[%clk 0:15:24]} 8. Bb2 {[%clk 0:15:46]} Bb7 {[%clk 0:15:26]}
9. Nc3 {[%clk 0:15:53]} dxc4 {[%clk 0:15:19]} 10. bxc4 {[%clk 0:16:00]} c5
{[%clk 0:15:20]} 11. d5 {[%clk 0:16:05]} exd5 {[%clk 0:15:27]} 12. Nh4
{[%clk 0:15:44]} Nc6 {[%clk 0:15:07]} 13. cxd5 {[%clk 0:15:46]} Na5
{[%clk 0:14:50]} 14. Qd3 {[%clk 0:14:33]} Ng4 {[%clk 0:12:53]} 15. Ne4
{[%clk 0:12:55]} Bxh4 {[%clk 0:10:09]} 16. gxh4 {[%clk 0:13:04]} Qxh4
{[%clk 0:08:45]} 17. h3 {[%clk 0:13:12]} Nh6 {[%clk 0:08:23]} 18. Nd6
{[%clk 0:13:17]} Rad8 {[%clk 0:07:53]} 19. Nxb7 {[%clk 0:13:24]} Nxb7
{[%clk 0:07:58]} 20. e4 {[%clk 0:13:20]} Nd6 {[%clk 0:04:04]} 21. e5
{[%clk 0:12:42]} c4 {[%clk 0:04:09]} 22. Qf3 {[%clk 0:11:56]} Nb5
{[%clk 0:03:48]} 23. Rae1 {[%clk 0:11:45]} c3 {[%clk 0:03:18]} 24. Re4
{[%clk 0:11:37]} Qg5 {[%clk 0:01:48]} 25. Bc1 {[%clk 0:11:29]} Qf5
{[%clk 0:01:51]} 26. Qd3 {[%clk 0:08:20]} Nd6 {[%clk 0:00:43]} 27. exd6
{[%clk 0:08:23]} Rxd6 {[%clk 0:00:51]} 28. Qxc3 {[%clk 0:07:13]} Rg6
{[%clk 0:00:27]} 29. Re5 {[%clk 0:06:24]} Qf6 {[%clk 0:00:18]} 30. Re3
{[%clk 0:05:55]} Qh4 {[%clk 0:00:14]} 31. Rg3 {[%clk 0:05:53]} Nf5
{[%clk 0:00:20]} 32. Rxg6 {[%clk 0:05:57]} hxg6 {[%clk 0:00:27]} 33. Bb2
{[%clk 0:05:59]} f6 {[%clk 0:00:23]} 34. Re1 {[%clk 0:05:53]} Rd8
{[%clk 0:00:21]} 35. Qc7 {[%clk 0:05:43]} Rf8 {[%clk 0:00:24]} 36. Ba3
{[%clk 0:05:29]} Ra8 {[%clk 0:00:12]} 37. d6 {[%clk 0:05:25]} Qg5
{[%clk 0:00:00]} 1-0